Online
Catalog

A favor de Teilhard de Chardin / (Record no. 34851)

MARC details
000 -CABECERA
campo de control de longitud fija 00828nam a2200205 a 4500
001 - NÚMERO DE CONTROL
campo de control 000035360
005 - FECHA Y HORA DE LA ÚLTIMA TRANSACCIÓN
campo de control 20240510073817.0
008 - DATOS DE LONGITUD FIJA--INFORMACIÓN GENERAL
campo de control de longitud fija 111028s1967 sp 000 0 spa d
040 ## - FUENTE DE LA CATALOGACIÓN
Centro catalogador/agencia de origen DO-SdBNP
Lengua de catalogación spa
Centro/agencia transcriptor BNPHU
041 17 - CÓDIGO DE LENGUA
Código de lengua del texto/banda sonora o título independiente spa
Código de lengua original fre
100 1# - ENTRADA PRINCIPAL--NOMBRE DE PERSONA
Nombre de persona Monestier, André
9 (RLIN) 61151
245 10 - MENCIÓN DE TÍTULO
Título A favor de Teilhard de Chardin /
Mención de responsabilidad, etc. André Monestier ; traducción de J. F. Vidal Jové. En contra de Teilhard de Chardin / Louis Salleron ; traducción de J. F. Vidal Jové.
260 ## - PUBLICACIÓN, DISTRIBUCIÓN, ETC.
Lugar de publicación, distribución, etc. Barcelona :
Nombre del editor, distribuidor, etc. Pomaire,
Fecha de publicación, distribución, etc. 1967.
300 ## - DESCRIPCIÓN FÍSICA
Extensión 76, 80 p. ;
Dimensiones 20 cm.
500 ## - NOTA GENERAL
Nota general Texto contrapuesto en dos partes unidas entre sí, espalda con espalda.
600 14 - PUNTO DE ACCESO ADICIONAL DE MATERIA--NOMBRE DE PERSONA
Nombre de persona TEILHARD DE CHARDIN, PIERRE
9 (RLIN) 61152
650 20 - PUNTO DE ACCESO ADICIONAL DE MATERIA--TÉRMINO DE MATERIA
Término de materia o nombre geográfico como elemento de entrada Filosofía
9 (RLIN) 813
700 1# - PUNTO DE ACCESO ADICIONAL--NOMBRE DE PERSONA
Nombre de persona Salleron, Louis.
Título de la obra En contra de Teilhard de Chardin
9 (RLIN) 61153
700 1# - PUNTO DE ACCESO ADICIONAL--NOMBRE DE PERSONA
Nombre de persona Vidal Jové, J. F.,
Término indicativo de función/relación trad.
9 (RLIN) 61154
Holdings
Estado de retiro Estado de pérdida Restricciones de uso No para préstamo Código de colección Localización permanente Ubicación/localización actual Ubicación en estantería Fecha de adquisición Número de inventario Total de préstamos Signatura topográfica completa Código de barras Fecha visto por última vez Precio válido a partir de Tipo de ítem Koha Nota pública
      Excluido de préstamo Monografías: Libros y Folletos General General Depósito 28.10.2011 LF1   35360-10 25.06.2020 25.06.2020 No se presta Perteneció a la biblioteca personal de Juan Isidro Jiménes Grullón.

Powered by Koha